[Event "POL-chT 2nd League"]
[Site "Polanica Zdroj"]
[Date "2004.09.12"]
[Round "11.77"]
[White "Kulesza, Krzysztof"]
[Black "Zawierucha, Aleksander"]
[Result "0-1"]
[WhiteElo "2225"]
[BlackElo "2042"]
[PlyCount "84"]
[EventDate "2004.09.04"]
[EventType "team-swiss"]
[EventRounds "11"]
[EventCountry "POL"]
[SourceTitle "EXT 2019"]
[Source "ChessBase"]
[SourceDate "2018.10.10"]
[SourceVersion "1"]
[SourceVersionDate "2018.10.10"]
[SourceQuality "1"]
[WhiteTeam "Milanowek UKS Jedwabnik"]
[BlackTeam "Czerwionka Gornik 23"]
[WhiteTeamCountry "POL"]
[BlackTeamCountry "POL"]

1. d4 Nf6 2. c4 d6 3. Nc3 Nbd7 4. Nf3 c6 5. g3 e5 6. e4 Be7 7. Bg2 0-0 8. 0-0 Qc7 9. b3 Rd8 10. Qe2 Nf8 11. h3 a6 12. Bb2 h6 13. Rac1 N6h7 14. Rfd1 Ng5 15. h4 Nxf3+ 16. Qxf3 Ne6 17. Ne2 c5 18. dxe5 dxe5 19. Nc3 Nd4 20. Qe3 Qa5 21. Nd5 Re8 22. a3 Qd8 23. f4 f6 24. Kh2 Be6 25. Bh3 Bxh3 26. Kxh3 Rc8 27. Rd2 Bf8 28. f5 Rb8 29. g4 b5 30. cxb5 Rxb5 31. Bxd4 exd4 32. Qd3 Qb8 33. Rb1 Qe5 34. Re2 Bd6 35. Rg1 Reb8 36. b4 cxb4 37. a4 Rc5 38. g5 Rbc8 39. Qxa6 Rc1 40. Rgg2 h5 41. Nxf6+ gxf6 42. gxf6+ Kh8 0-1

[Event "POL-chT 2nd League"]
[Site "Polanica Zdroj"]
[Date "2004.09.09"]
[Round "7"]
[White "Wozniak, Marcin"]
[Black "Kulesza, Krzysztof"]
[Result "1-0"]
[WhiteElo "1800"]
[BlackElo "2225"]
[PlyCount "49"]
[EventDate "2004.09.04"]
[EventType "team-swiss"]
[EventRounds "11"]
[EventCountry "POL"]
[SourceTitle "CBM 102 Extra"]
[Source "ChessBase"]
[SourceDate "2004.11.03"]
[SourceVersion "1"]
[SourceVersionDate "2004.11.03"]
[SourceQuality "1"]
[WhiteTeam "Rzeszow Zelmer II"]
[BlackTeam "Milanowek UKS Jedwabnik"]
[WhiteTeamCountry "POL"]
[BlackTeamCountry "POL"]

1. e4 e6 2. d3 d5 3. Nd2 c5 4. Ngf3 Nc6 5. g3 g6 6. Bg2 Bg7 7. 0-0 Nge7 8. Re1 h6 9. Qe2 0-0 10. e5 b6 11. Nf1 a5 12. h4 Nf5 13. c3 Ba6 14. N1h2 Ra7 15. Ng4 Kh7 16. Kh2 Rc7 17. Bf4 Rc8 18. Rad1 Qe7 19. Qd2 Rfe8 20. Ng5+ hxg5 21. Bxg5 Qf8 22. Qe2 Nce7 23. h5 Bh8 24. Nf6+ Kg7 25. Qg4 1-0

[Event "POL-chT 2nd League"]
[Site "Polanica Zdroj"]
[Date "2004.09.08"]
[Round "6"]
[White "Kulesza, Krzysztof"]
[Black "Plicner, Justyna"]
[Result "1-0"]
[WhiteElo "2225"]
[BlackElo "1800"]
[PlyCount "33"]
[EventDate "2004.09.04"]
[EventType "team-swiss"]
[EventRounds "11"]
[EventCountry "POL"]
[SourceTitle "CBM 102 Extra"]
[Source "ChessBase"]
[SourceDate "2004.11.03"]
[SourceVersion "1"]
[SourceVersionDate "2004.11.03"]
[SourceQuality "1"]
[WhiteTeam "Milanowek UKS Jedwabnik"]
[BlackTeam "Kielce Fart"]
[WhiteTeamCountry "POL"]
[BlackTeamCountry "POL"]

1. d4 Nf6 2. c4 e6 3. Nc3 b6 4. e4 Bb7 5. Qc2 Bb4 6. Bd3 d6 7. Nge2 d5 8. cxd5 exd5 9. e5 Ne4 10. 0-0 Bxc3 11. bxc3 h6 12. Nf4 g5 13. Nh5 g4 14. f3 gxf3 15. Rxf3 Nd7 16. Ng7+ Kf8 17. Ne6+ 1-0

[Event "POL-chT 2nd League"]
[Site "Polanica Zdroj"]
[Date "2004.09.04"]
[Round "1"]
[White "Zowada, Kazimierz"]
[Black "Kulesza, Krzysztof"]
[Result "1-0"]
[WhiteElo "2152"]
[BlackElo "2225"]
[PlyCount "68"]
[EventDate "2004.09.04"]
[EventType "team-swiss"]
[EventRounds "11"]
[EventCountry "POL"]
[SourceTitle "CBM 102 Extra"]
[Source "ChessBase"]
[SourceDate "2004.11.03"]
[SourceVersion "1"]
[SourceVersionDate "2004.11.03"]
[SourceQuality "1"]
[WhiteTeam "Jaworzno JKSz MCKiS II"]
[BlackTeam "Milanowek UKS Jedwabnik"]
[WhiteTeamCountry "POL"]
[BlackTeamCountry "POL"]

1. d4 d5 2. Nf3 Nf6 3. c4 e6 4. Nc3 Be7 5. Bf4 b6 6. e3 0-0 7. Bd3 dxc4 8. Bxc4 Bb7 9. 0-0 a6 10. Qe2 b5 11. Bd3 c5 12. dxc5 Bxc5 13. Rfd1 Qe7 14. a4 b4 15. Nb1 Nc6 16. Nbd2 Na5 17. Ne5 h6 18. Nec4 Nxc4 19. Nxc4 Nd5 20. Bg3 f5 21. Qh5 Qg5 22. Qxg5 hxg5 23. Na5 Rf7 24. Nxb7 Rxb7 25. Bxf5 Kf7 26. Be4 Rd7 27. Rac1 Be7 28. Bxd5 exd5 29. Be5 Bf6 30. Bd4 Re8 31. Rc5 Re4 32. Kf1 Bxd4 33. Rxd4 Rxd4 34. exd4 Ke6 1-0